| 000 | 00475nam a2200169 a 4500 | ||
|---|---|---|---|
| 001 | 000021423 | ||
| 005 | 20200930011325.0 | ||
| 008 | 100907s1972 sp r 000 0 spa d | ||
| 040 |
_aDO-SdBNP _bspa _cBNPHU |
||
| 082 |
_aNNN _bV648 |
||
| 245 | 0 | 1 | _aVida y hechos de Estebanillo González. |
| 260 |
_aMadrid : _bDoncel, _c1972. |
||
| 300 |
_a294, [1] p. ; _c18 cm. |
||
| 490 | 1 |
_aLibro joven de bolsillo _v32 |
|
| 830 | 0 |
_aLibro joven de bolsillo ; _v32 _912847 |
|
| 049 | _aBNGR | ||
| 999 |
_c20923 _d20923 |
||